Score 0/16 Timer 05:00
0 Plays Today
Scrambled Term Unscrambled Term % Correct
EROSrosé
98.3%
ROCKcork
89.3%
PAGERgrape
78%
PINTO OGRIIGpinot grigio
76.5%
TOBLETbottle
72.8%
EXDAUROBBordeaux
71.6%
LEAFDINNZzinfandel
60.7%
UQUOTEBbouquet
56.4%
Scrambled Term Unscrambled Term % Correct
GLIRESINRiesling
50%
CANNYHOARDchardonnay
47.5%
TENBRACEcabernet
45.1%
DENYRAVIvineyard
42.8%
MOLTERmerlot
35.7%
RECENTDAdecanter
33.7%
SHRAYSyrah
26.4%
ROSEMELIMsommelier
20%

You're not logged in!

Compare scores with friends on all Sporcle quizzes.
OR
Log In

Sporcle TV

Today on Sporcle TV


Watch our educational content, quiz creation guides, and fun videos on Sporcle TV.

Show Comments

Extras

Top Quizzes Today


Score Distribution

Your Account Isn't Verified!

In order to create a playlist on Sporcle, you need to verify the email address you used during registration. Go to your Sporcle Settings to finish the process.

Report this User

Report this user for behavior that violates our Community Guidelines.

Details: